| Tag |
First Indicator |
Second Indicator |
Subfields |
| LEADER |
00000cam a2200000 4500 |
| 001 |
in00000075296 |
| 005 |
20151008052622.0 |
| 008 |
711220s1942 enk b 00000 eng u |
| 010 |
|
|
|a 42010217
|
| 035 |
|
|
|a (OCoLC)00184885
|
| 035 |
|
|
|9 AAH4145AM
|
| 040 |
|
|
|c WSU
|d TXA
|d UtOrBLW
|
| 049 |
|
|
|a TXAM
|c [108531]
|
| 050 |
|
0 |
|a LB1778
|b .W5
|
| 092 |
|
|
|a 371.1
|b W749a
|
| 100 |
1 |
|
|a Wilson, Logan.
|
| 245 |
1 |
4 |
|a The academic man :
|b a study in the sociology of a profession /
|c [by] Logan Wilson ...
|
| 264 |
|
1 |
|a London,
|a New York [etc.] :
|b Oxford university press,
|c 1942.
|
| 300 |
|
|
|a 248 pages
|
| 336 |
|
|
|a text
|b txt
|2 rdacontent
|
| 337 |
|
|
|a unmediated
|b n
|2 rdamedia
|
| 338 |
|
|
|a volume
|b nc
|2 rdacarrier
|
| 504 |
|
|
|a Bibliographical foot-notes.
|
| 650 |
|
0 |
|a Teachers.
|
| 650 |
|
0 |
|a Universities and colleges.
|
| 999 |
|
|
|a MARS
|
| 999 |
f |
f |
|s dad1721f-1389-3b80-a712-2d37a9cf657d
|i 990d5b8a-561d-3b51-ba75-6dbb3ed8e823
|t 0
|
| 952 |
f |
f |
|p normal
|a Texas A&M University
|b College Station
|c Sterling C. Evans Library
|d Evans: Library Stacks
|t 0
|e LB1778 .W5
|h Library of Congress classification
|i unmediated -- volume
|m A14800830347
|
| 998 |
f |
f |
|a LB1778 .W5
|t 0
|l Evans: Library Stacks
|